书目信息 |
| 题名: |
生物化学考研精解
|
|
| 作者: | 毛慧玲 , 朱笃 主编 | |
| 分册: | ||
| 出版信息: | 北京 科学出版社 2014.05 |
|
| 页数: | 381页 | |
| 开本: | 26cm | |
| 丛书名: | 生命科学辅导丛书之考研精解系列 | |
| 单 册: | ||
| 中图分类: | Q5 | |
| 科图分类: | ||
| 主题词: | 生物化学 | |
| 电子资源: | ||
| ISBN: | 978-7-03-039731-7 | |
| 000 | 00748nam0 2200241 450 | |
| 001 | 2136453457 | |
| 005 | 20210407101056.57 | |
| 010 | @a978-7-03-039731-7@dCNY46.00 | |
| 100 | @a20210407d2014 km y0chiy0120 ea | |
| 101 | 0 | @achi |
| 102 | @aCN@b110000 | |
| 200 | 1 | @a生物化学考研精解@ASheng Wu Hua Xue Kao Yan Jing Jie@f毛慧玲, 朱笃主编@FMao Hui Ling,Zhu Du Zhu Bian |
| 205 | @a2版 | |
| 210 | @a北京@c科学出版社@d2014.05 | |
| 215 | @a381页@d26cm | |
| 225 | 2 | @a生命科学辅导丛书之考研精解系列 |
| 410 | 0 | @12001 @a生命科学辅导丛书之考研精解系列 |
| 606 | 0 | @a生物化学 |
| 690 | @aQ5@v4 | |
| 701 | 0 | @a毛慧玲@AMao Hui Ling@4主编 |
| 701 | 0 | @a朱笃@AZhu Du@4主编 |
| 801 | 0 | @aCN@b大连网信软件有限公司图书馆·11@c20210407 |
| 905 | @aZUCC@dQ5@eM3411 | |
| 生物化学考研精解/毛慧玲, 朱笃主编.-2版.-北京:科学出版社,2014.05 |
| 381页;26cm.-(生命科学辅导丛书之考研精解系列) |
| ISBN 978-7-03-039731-7:CNY46.00 |
| ● |
| 相关链接 |
|
|
|
正题名:生物化学考研精解
索取号:Q5/M3411
 
预约/预借
| 序号 | 登录号 | 条形码 | 馆藏地/架位号 | 状态 | 备注 |
| 1 | 1504819 | 215048197 | 自科库401/409社科库 28排3列1层/ [索取号:Q5/M3411] | 在馆 |